000 01291cam a22004097a 4500
003 CHAP
005 20220817043504.0
008 981029d1997 it ab r 00110 fre d
010 _a76523
011 _a77495
020 _a9252039708
035 _a87102
040 _cCHAP
082 0 4 _a333.72
_bF3f v.32
110 2 _aFAO
245 1 0 _aAménagement des forêts naturelles des zones tropicales sèches
_c/par R. Bellefontaine, A. Gaston et Y. Petrucci
260 _aRome :
_bFAO,
_c1997.
300 _a316 p.
410 2 _aFAO
490 0 _aGuía de conservación
_v; 32
590 _aBATCH-UPD
_b10
_c20130110
_lUCH01
_h0530
590 _aBATCH-UPD
_b10
_c20130110
_lUCH01
_h2243
590 _aBATCH-UPD
_b10
_c20130410
_lUCH01
_h0209
590 _aBATCH-UPD
_b10
_c20130914
_lUCH01
_h0720
590 _aCONVERSION
_b10
_c20130109
_lUCH01
_h1342
650 1 4 _aBosques
_xTrópicos.
_914401
650 1 4 _aRecursos forestales
_xUtilización.
_995069
700 0 _aBellefontaine, R.
_911380
700 0 _aGaston, A.
_947257
700 0 _aPetrucci, Y.
_987691
810 0 _aFAO
830 0 0 _aGuía de conservación
_v; 32
_951482
901 _aBK
905 _aLilia Sánchez G.
942 _cLIBRO
949 _a333.72 F3f v.32
_bBC
_cFAO
_d33724000709051
_eFAO1
_h94471
_i87102
_kDonaciØn
_sb
999 _c76523
_d76523